000 00621nam a2200181Ia 4500
008 100920s9999 xx 000 0 und d
082 _b53868
_a24 थ 88
100 _aनाडकर्णी ज्ञानेश्वर.
245 _aअश्वत्थाची सळसळ.
260 _bपॉप्युलर प्रकाशन, मुंबई.
_c1988
300 _a267
_bसाधी
365 _b100
520 _aसायो.
630 _aअश्वत्थाची सळसळ.
650 _aसायो.
730 _aअश्वत्थाची सळसळ.
942 _cBOOK
999 _c698856
_d698853